000 00436nam a2200181Ia 4500
001 11694
005 20260306162846.0
008 260306t1955||||xx |||||||||||||| ||spa||
041 _aESP
082 _a987.041
_bR78
100 _aRojas, Armando [1913]
_eAUT
245 0 _aIdeas educativas de Simón Bolívar
260 _c1955
300 _a217 páginas :
_c21 cm.
650 _aGEN
654 _aCHU
942 _cLIB
_dJUS
_fJUS
_2ddc
_n
999 _c11694
_d11694